Design and analysis of experiments / (Record no. 533046)

000 -LEADER
fixed length control field 00828pam a2200277 a 4500
001 - CONTROL NUMBER
control field 970591
003 - CONTROL NUMBER IDENTIFIER
control field NUST
005 - DATE AND TIME OF LATEST TRANSACTION
control field 20191211113239.0
008 - FIXED-LENGTH DATA ELEMENTS--GENERAL INFORMATION
fixed length control field 850913s1985 nyua b 001 0 eng
010 ## - LIBRARY OF CONGRESS CONTROL NUMBER
LC control number 85020745
020 ## - INTERNATIONAL STANDARD BOOK NUMBER
International Standard Book Number 0824773403
038 ## - RECORD CONTENT LICENSOR
Staff Name MSOHAIL
040 ## - CATALOGING SOURCE
Original cataloging agency DLC
Transcribing agency DLC
Modifying agency DLC
050 00 - LIBRARY OF CONGRESS CALL NUMBER
Classification number QA279
Item number .P48 1985
082 00 - DEWEY DECIMAL CLASSIFICATION NUMBER
Classification number 001.434
Edition number 19
100 1# - MAIN ENTRY--PERSONAL NAME
Personal name Petersen, Roger G.,
Dates associated with a name 1924-
9 (RLIN) 26738
245 10 - TITLE STATEMENT
Title Design and analysis of experiments /
Statement of responsibility, etc. Roger G. Petersen.
260 ## - PUBLICATION, DISTRIBUTION, ETC.
Place of publication, distribution, etc. New York :
Name of publisher, distributor, etc. M. Dekker,
Date of publication, distribution, etc. c1985.
300 ## - PHYSICAL DESCRIPTION
Extent xii, 429 p. :
Other physical details ill. ;
Dimensions 24 cm.
440 #0 - SERIES STATEMENT/ADDED ENTRY--TITLE
Title Statistics, textbooks and monographs ;
Volume/sequential designation v. 66
9 (RLIN) 26739
500 ## - GENERAL NOTE
General note Includes indexes.
504 ## - BIBLIOGRAPHY, ETC. NOTE
Bibliography, etc. note Bibliography: p. 401.
650 #0 - SUBJECT ADDED ENTRY--TOPICAL TERM
Topical term or geographic name entry element Experimental design.
9 (RLIN) 10527
906 ## - LOCAL DATA ELEMENT F, LDF (RLIN)
a 7
b cbc
c orignew
d 1
e ocip
f 19
g y-gencatlg
942 ## - ADDED ENTRY ELEMENTS (KOHA)
Source of classification or shelving scheme
Koha item type Book
Holdings
Withdrawn status Lost status Source of classification or shelving scheme Damaged status Not for loan Permanent Location Current Location Date acquired Total Checkouts Full call number Barcode Date last seen Price effective from Koha item type
          School of Civil and Environmental Engineering (SCEE) School of Civil and Environmental Engineering (SCEE) 12/11/2019   001.434 NIT-12825 12/11/2019 12/11/2019 Book
© 2023 Central Library, National University of Sciences and Technology. All Rights Reserved.